All-time NBA Teams - Statistiques

Statistiques générales
  • Ce quiz a été pris 24 fois
  • Le résultat moyen est 69 sur 179
Statistiques - réponses
Equipe Poste Joueur % Correct
A Kobe Bryant
100%
Warriors MJ Stephen Curry
100%
A Michael Jordan
91%
AF | Al Kevin Durant
86%
Al LeBron James
86%
Lakers MJ Magic Johnson
86%
P Wilt Chamberlain
86%
A Dwyane Wade
82%
A James Harden
82%
Al Larry Bird
82%
P Shaquille O'Neal
82%
6M Shaquille O’Neal
82%
Spurs MJ Tony Parker
82%
AF Jermaine O’Neal
77%
A Luka Doncic
77%
AF Tim Duncan
77%
6M Dennis Johnson
73%
P Kareem Abdul-Jabbar
73%
A Klay Thompson
73%
AF Larry Johnson
73%
6M Marques Johnson
73%
P Nikola Jokic
73%
A David Thompson
68%
Al Kawhi Leonard
68%
A Manu Ginobili
68%
A Allen Iverson
64%
Bulls MJ Derrick Rose
64%
AF Draymond Green
64%
Al Giannis Antetokounmpo
64%
6M Jerry West
64%
6M Russell Westbrook
64%
Al Scottie Pippen
64%
AF Chris Bosh
59%
Clippers | Pelicans MJ Chris Paul
59%
AF Dennis Rodman
59%
AF Dirk Nowitzki
59%
P Hakeem Olajuwon
59%
6M Joel Embiid
59%
Cavaliers MJ Kyrie Irving
59%
P Marc Gasol
59%
6M Pau Gasol
59%
Al Carmelo Anthony
55%
P David Robinson
55%
Pistons MJ Isiah Thomas
55%
Grizzlies MJ Ja Morant
55%
A Reggie Miller
55%
Thunder MJ Shai Gilgeous-Alexander
55%
6M Vince Carter
55%
AF | P Anthony Davis
50%
P Antonio Davis
50%
6M Baron Davis
50%
P Bill Russell
50%
AF Karl Malone
50%
AF Kevin Garnett
50%
6M Kevin Love
50%
6M LaMelo Ball
50%
6M | P Moses Malone
50%
A | Al Paul George
50%
Hawks MJ Trae Young
50%
AF Zion Williamson
50%
A Anthony Edwards
45%
Nets MJ Jason Kidd
45%
Jazz MJ John Stockton
45%
P Patrick Ewing
45%
A Ray Allen
45%
Suns MJ Steve Nash
45%
Al Caron Butler
41%
A Clyde Drexler
41%
Trail Blazers MJ Damian Lillard
41%
A Devin Booker
41%
P Dikembe Mutombo
41%
P Dwight Howard
41%
6M Jimmy Butler
41%
Al Julius Erving
41%
A Tony Allen
41%
Al Dominique Wilkins
36%
P Brook Lopez
32%
A Donovan Mitchell
32%
AF Kevin McHale
32%
Raptors MJ Kyle Lowry
32%
Bucks | Kings MJ Oscar Robertson
32%
P Alonzo Mourning
27%
Celtics MJ Bob Cousy
27%
AF Bob Pettit
27%
A Bradley Beal
27%
A DeMar DeRozan
27%
P Karl-Anthony Towns
27%
AF Paolo Banchero
27%
Magic MJ Penny Hardaway
27%
AF Shawn Kemp
27%
Heat MJ Tim Hardaway
27%
A Tracy McGrady
27%
AF Elvin Hayes
23%
Al Grant Hill
23%
A Joe Dumars
23%
6M John Havlicek
23%
Hornets MJ Kemba Walker
23%
6M Willis Reed
23%
AF Zach Randolph
23%
6M Alex English
18%
P Alvan Adams
18%
P Artis Gilmore
18%
P Bob McAdoo
18%
6M Brandon Roy
18%
Mavericks MJ Derek Harper
18%
A Eddie Jones
18%
AF Evan Mobley
18%
Wizards MJ Gilbert Arenas
18%
6M Mark Price
18%
Knicks MJ Walt Frazier
18%
AF Amar’e Stoudemire
14%
P Bill Walton
14%
6M Chauncey Billups
14%
P Mark Eaton
14%
A Mitch Richmond
14%
A Pete Maravich
14%
6M Rick Barry
14%
P Wes Unseld
14%
Al Adrian Dantley
9%
P Bob Lanier
9%
P Brad Daugherty
9%
Rockets MJ Calvin Murphy
9%
AF Dan Issel
9%
AF Dave Debusschere
9%
A Drazen Petrovic
9%
AF Elton Brand
9%
6M George Gervin
9%
Al Glen Rice
9%
76ers MJ Hal Greer
9%
P Jack Sikma
9%
A Jrue Holiday
9%
6M Lou Hudson
9%
P Mel Daniels
9%
P Nate Archibald
9%
Al Peja Stojakovic
9%
Al Shawn Marion
9%
A Sidney Moncrief
9%
A Bill Sharman
5%
AF Dolph Schayes
5%
Nuggets MJ Fat Lever
5%
6M George McGinnis
5%
P James Donaldson
5%
AF Jerry Lucas
5%
6M Mark Aguirre
5%
AF Maurice Lucas
5%
A Richie Guerin
5%
Timberwolves MJ Sam Cassell
5%
Al Shane Battier
5%
6M World B. Free
5%
6M Andrei Kirilenko
0%
Pacers MJ Freddie Lewis
0%
Al Jamal Mashburn
0%
Al Jerome Kersey
0%
A Joe Caldwell
0%
Al Michael Finley
0%
Al Rudy Tomjanovich
0%
AF Terry Cummings
0%
Al Wally Szczerbiak
0%
Aucun quiz correspondant
Distribution des résultats
% des personnes avec chaque résultat
Percentile par nombre de réponses
Votre historique - résultats
Vous n’avez pas pris ce quiz